000 02855nam a2200301 i 4500
001 000045214
003 DO-SdBNP
005 20250530123702.0
007 ta
008 250317s2003 dr a 000 0 spa d
040 _aDO-SdBNP
_bspa
_cBNPHU
_erda
041 _hspa
082 _a346.7293048
_bR426c
_222
110 1 _aRepública Dominicana.
_b[Leyes, etc.]
_911088
245 _aCompendio de informaciones referentes a la propiedad industrial :
_bLey 20-00 sobre la propiedad industrial
264 _aSanto Domingo :
_bPellerano y Herrera,
_c2003
300 _a151 páginas ;
_c21 cm.
336 _ardacontent
_btexto
_2txt
337 _ardamedia
_bsin mediación
_2n
338 _ardacarrier
_bvolumen
_2nc
505 _aDe las invencciones, los modelos de utilidad y los diseños industriales|Invenciones|Protección de las invenciones y derecho de la patente de invención 16|Procedimiento de concesión de la patente 20|Derechos, obligaciones y limitaciones relativos a la patente 28|Licencias obligatorias y otras medidas relativas a la explotación de las patentes 34|Modelos de utilidad 40|Diseños industriales|Protección de los diseños industriales 41|Procedimiento de registro 44|Normas relativas al diseño industrial registrado 45|De los signos distintivos|Definiciones|Marcas|Derecho sobre la marca 47|Procedimiento de registro de la marca 51|Duración y renovación del registro 54|Derechos, obligaciones y limitaciones|Relativos al registro 55|Transferencia y licencia de uso de la marca 57|Terminación del registro de la marca 59|Marcas colectivas 61|Marcas de certificación 64|Nombres comerciales, rotulos y emblemas|Nombres comerciales 65|Rotulos 67|Emblemas 67|Lemas comerciales|Indicaciones geográficas|Indicaciones geográficas en general 68|Denominaciones de origen 69|Normas comunes|Disposiciones generales 72|De la oficina nacional de la propiedad industrial|Composición, atribuciones y requisitos de los funcionarios de la oficina nacional de la propiedad industrial|Oficina nacional de la propiedad industrial 75|Del directorio 76|Procedimientos 80|Registros y publicidad 83|Clasificaciones 84|De las violaciones de los derechos de propiedad industrial|De las infracciones, procedimiento, sanciones y predescripción de los derechos de propiedad industrial 85|De la competencia desleal vinculada a la propiedad industrial|De los actos de competencia desleal 92|De las acciones por competencia desleal 94|Disposiciones transitorias y finales|Disposiciones transitorias 94|Disposiciones finales 96|Reglamento de las aplicaciones de la ley no. 20-00. sobre propiedad industrial 99
590 _aInventariado, 2025/DG
650 4 _aPropiedad industrial
_xLegislación
_zRepública Dominicana
_98398
651 7 _aRepública Dominicana
_xLey No. 20-00
_987924
830 _n4
_973230
910 _aDG
942 _2ddc
_cLBS1
999 _c58442
_d58442